000 00711nam a2200241 i 4500
003 DO-SdBNP
005 20240306164224.0
006 a||||gr|||| 00| 0
007 ta
008 230911e2000 dr ||||| |||| 00| 0 spa d
040 _aDO-SdBNP
_bspa
_cBNPHU
_erda
082 4 _222
_bV297d
100 1 _aVargas Llosa, Mario,
_d1936-
_eautor
_912567
245 1 0 _aEl desafío. /
_cMario Vargas Llosa.
264 1 _aSanto Domingo :
_b[sin editora],
_c1976
300 _a22 páginas ;
_c16 cm.
336 _2rdacontent
_atexto
_btxt
337 _2rdamedia
_asin mediación
_bn
338 _2rdacarrier
_avolumen
_bnc
590 _aInventariado 2023 / MF
700 1 _aGuzmán, Héctor,
_eeditor
_973578
942 _2ddc
_cLF2
999 _c54683
_d54683